| 000 | 00442aam a2200169 4500 | ||
|---|---|---|---|
| 005 | 20200205090054.0 | ||
| 008 | 150624b xxu||||| |||| 00| 0 spa d | ||
| 041 | _aEspañol | ||
| 082 | _aCR863.44 G984h | ||
| 100 |
_aGutiérrez, Joaquín _9422 |
||
| 245 | _aLa hoja de aire | ||
| 260 |
_aCosta Rica _bLegado _c2011 |
||
| 300 | _a56 páginas | ||
| 650 |
_aNOVELA COSTARRICENSE _9423 |
||
| 650 |
_aLITERATURA COSTARRICENSE _9424 |
||
| 942 | _cLIT | ||
| 999 |
_c3040 _d3040 |
||